| 000 | 01175nam a2200313Ia 4500 | ||
|---|---|---|---|
| 001 | ebr10320241 | ||
| 003 | CaPaEBR | ||
| 006 | m u | ||
| 007 | cr cn||||||||| | ||
| 008 | 080814s2008 ohua sb 001 0 eng d | ||
| 010 | _z 2008934669 | ||
| 020 | _z0871707179 | ||
| 020 | _z9780871707178 | ||
| 040 |
_aCaPaEBR _cCaPaEBR |
||
| 035 | _a(OCoLC)472608553 | ||
| 050 | 1 | 4 |
_aTA479.S7 _bM38 2008eb |
| 100 | 1 | _aMcGuire, Michael F. | |
| 245 | 1 | 0 |
_aStainless steels for design engineers _h[electronic resource] / _cMichael F. McGuire. |
| 260 |
_aMaterials Park, OH : _bASM International, _c2008. |
||
| 300 |
_a[v], 304 p. : _bill. |
||
| 504 | _aIncludes bibliographical references and index. | ||
| 533 |
_aElectronic reproduction. _bPalo Alto, Calif. : _cebrary, _d2009. _nAvailable via World Wide Web. _nAccess may be limited to ebrary affiliated libraries. |
||
| 650 | 0 | _aStainless steel. | |
| 650 | 0 | _aEngineering design. | |
| 650 | 0 | _aBuilding materials. | |
| 655 | 7 |
_aElectronic books. _2local |
|
| 710 | 2 | _aebrary, Inc. | |
| 856 | 4 | 0 |
_uhttp://site.ebrary.com/lib/rucke/Doc?id=10320241 _zAn electronic book accessible through the World Wide Web; click to view |
| 999 |
_c60828 _d60828 |
||